000 04805nam a2200421 a 4500
001 dia_3627
003 CHAP
005 20250428123517.0
007 ta
008 220601s2005 mx ad frm 001 0 spa d
040 _amxchpua
_cCHAP
041 0 _aspa
_beng
090 _aTesis
_bR63
_c2005
100 1 _aRodríguez Carmona, Sara
240 1 0 _aGlochids preharvest removal in cactus pear fruit (Opuntia spp. ) cv red San Martín with gibberellic acid and ethrel.
_lEspañol
245 1 0 _aDesahuatado precosecha de tuna (Opuntia spp.) cv Roja San Martín con bajas concentraciones de ácido giberélico y ethrel/
_cSara Rodríguez Carmona
264 _aChapingo, México :
_bEl autor,
_c2005
300 _aiv, 88 hojas :
_bilustraciones, tablas, gráficas
336 _2rdacontent
_atexto
_btxt
337 _2rdamedia
_ano mediado
_bn
338 _2rdacarrier
_avolumen
_bnc
502 _aTesis
_b(Ingeniero Agroindustrial) --
_cUACh. Departamento de Ingeniería Agroindustrial,
_d2005
504 _aBibliografía : hojas 81-87
520 3 _aLos ahuates representan problemas para la cosecha y comercialización de la tuna. Con el objetivo de promover la caída de ahuates en precosecha en tuna roja de la variedad San Martín, se asperjaron soluciones de ácido giberélico (50 y 100 mg*L-1) y ethrel (500 y 700 mg*L-1) en 3 y 6 aplicaciones consecutivas que iniciaron inmediatamente después del amarre del fruto (cada 7 y 14 días, respectivamente) durante el desarrollo del fruto. También se probó el efecto de la remoción mecánica en frutos tratados y en frutos no tratados hormonalmente, esta remoción se realizó una semana antes de la cosecha. Se evaluó el número de ahuates por areola, porcentaje de caída de ahuates, longitud de ahuates y algunos parámetros de calidad de la tuna. El menor número de ahuates (132) y en consecuencia la mayor caída (74 %) se logró con la combinación de las mayores dosis de AG3 y ethrel con el mayor número de aplicaciones y de la remoción mecánica. La sola remoción mecánica en las tunas sin tratamiento hormonal, provocó un 58 % de caída de ahuates y aumentó el contenido de sólidos solubles totales en el jugo (12 ºBx). Los tratamientos no aumentaron significativamente la longitud de ahuates. El AG3 disminuyó significativamente los sólidos solubles totales (hasta 8,4 ºBx) y atrasó el desarrollo de la pulpa y la desaparición del color verde de la cáscara, además provocó una ligera pérdida de la firmeza. La aplicación de las fitohormonas no afectó significativamente el peso de la cáscara, el índice de saturación del color, el tamaño ni la forma de los frutos.
520 3 _aGlochids of cactus pear affect negatively harvest operation and the commercialization. With the objective to promote removal of glochids in pre harvest in cactus pear (variety Red San Martin) gibberellic acid (GA3) (50 and 100 mg*L-1) and ethrel solutions (500 and 700 mg*L-1) were sprayed over the buds immediately after fruit set in three or six consecutive applications (every 7 or 14 days) during their development. Also an additional mechanic removal (friction with a feather duster) a week before harvest in treated and in untreated fruits was probed. Glochid number, removal percentage, glochid length and some quality parameters (soluble solids concentration, peel and pulp weight, color, size, shape and firmness fruit) were evaluated. It was concluded that the lowest number of glochids (132 and the removal of glochids in pre harvest around 74 %) was with the highest doses of GA3 and ethrel, the highest number of applications and the additional mechanic removal. In fruits without hormonal treatment but only with the mechanic removal caused around 58 % of glochids fall and increase on total soluble solids (12 ºBx). Treatments did not significantly increase the length of glochids compared with the control. GA3 applications significant decreased the soluble solids concentration (down to 8,4 ºBx) , retraced pulp and red color development, in addition caused a slight loos of firmness. Peel weight, saturation index of color (chroma), fruit size and shape was not significantly modified by GA3 and Ethrel applications.
650 1 3 _aOpuntia ficus-indica
_2atg
650 1 3 _aTuna
_xDesahuatado
_2atg
650 1 3 _aEspinas de las plantas
_xTratamiento
_2atg
650 1 3 _aPlants spines
_xTreatment
_2atg
700 1 _aCorrales García, José Joel Enrique
_edirector
700 1 _aCorona Sáez, Tomás María
_easesor
700 1 _aPérez López, Artemio
_easesor
856 4 1 _uhttp://10.13.5.2/tesis/101468.pdf
_yDESCARGAR PDF
901 _aTESIS R63 2005
902 _aM
905 _a0000002005 mx 0000000000spa00
942 _cTESIS
_2Clasificación Universidad Autónoma Chapingo
999 _c209357
_d209357